Регионална библиотека "Любен Каравелов" - Русе

Дидактически материали за обучението по педагогика (Запис номер 182828)

MARC детайли
000 -Лидер
Контролно поле с фиксирана дължина 01658nam a2200349 c 4500
003 - Код на организацията, давaща контролен номер
Контролно поле BLK
005 - Дата и час на последна редакция
Контролно поле 20180422115240.0
008 - Елементи от данни с фиксирана дължина
fixed length control field 180411b bul|||||r ||||||| ||bul||
010 ## - Наследен системен номер
LC control number KNG00191753000
040 ## - Източник на каталожния запис
Идентификатор на билиотеката - собственик на записа BLK
041 ## - Код за език
Код за езика на текст/звукозапис или на отделно заглавие Български
Код за езика КДБФ Български
080 ## - УДК
Текстов определител УДК Организация на възпитанието и образованието. Училищно дело.
УДК код - определител по УДК 37.09
УДК определител (072)
УДК - код + определител 37.09(072)
139 ## - Редно поле
Редна дума Дидактически материали за обучението по педагогика
Авторски знак Ди - Д 53
245 10 - Сведения за заглавието
Заглавие Дидактически материали за обучението по педагогика
Подзаглавни данни Сборник : Ч. 1 -
Редно поле (дума) авт. на том Димитър Андреев Павлов.
Том Т. 2.
257 ## - Страна на издаване
Страна на създаване/издаване България
260 ## - Област на издателските данни
-- София
Име на издателя, разпространителя и проч. СУ Климент Охридски
Година на издаване 1983 -
300 ## - Физическа характеристика
Размери/Мащаб 20 см
380 ## - Жанр
Жанр Обществени науки
500 ## - Общи забележки
Забележка Изд. на СУ Климент Охридски. Филос. фак. Кат. Теория и история на педагогиката. - 1 000 тир.
650 #4 - Допълнително описание по предмет – тема
Основно описание – тема или топоним Педагогика - теория и методология
9 (RLIN) 263779
650 #4 - Допълнително описание по предмет – тема
Основно описание – тема или топоним Учебно-възпитателна работа
9 (RLIN) 246003
650 #4 - Допълнително описание по предмет – тема
Основно описание – тема или топоним Методика на преподаването
9 (RLIN) 264329
653 ## - Ключова дума – ненормативна
Ключова дума педагогика
653 ## - Ключова дума – ненормативна
Ключова дума методика на преподаването
700 1# - Други автори (авторска отговорност)
Лично име Павлов, Димитър Андреев
Автороска отговорност (Описва отношението между автора и произведението) авт. на том
9 (RLIN) 367411
760 1# - Описание на основната серия
Място на издаване, издател и година 1985
Страници - том 403 с. : с табл.
Заглавие Т. 2.
852 ## - Местоположение
Форматна сигнатура Цб 128162
856 4# - Електронен адрес и достъп
Електронен формат pdf - файл
Път до файла /url/
856 4# - Електронен адрес и достъп
Електронен формат pdf - файл
Път до файла /url/
942 ## - АРТИКУЛИ
Вид на библиотечния материал Книги
Скрит в OPAC Не
944 ## - СЪЗДАВАНЕ И РЕДАКЦИЯ на ЗАПИСА
Създаване/Редакция Създаване
Дата на регистрацията/редакция 06.10.2016
Служител, извършил регистрацията/редакцията Правда_Бадева
944 ## - СЪЗДАВАНЕ И РЕДАКЦИЯ на ЗАПИСА
Създаване/Редакция Редакция
Дата на регистрацията/редакция 14.03.2018
Служител, извършил регистрацията/редакцията Симона_Петрова
999 ## - СИСТЕМНИ КОНТРОЛНИ НОМЕРА
Koha biblionumber 182828
Koha biblioitemnumber 182828
Наличности
Код за отписване Код за изгубен артикул Източник на класификационната схема Код за повреда Коз за рестрикции Код за отдаване Артикулен № Име на библиотеката - собственик Име на библиотеката, в която се намира в момента Статус (Текущо местоположение) Дата на вписване в системата Местоположение - отдел Цена в лева Инвентарен номер Систематично азбучна сигнатура Баркод Номер на екземпляра Цена в евро Служебна бележка Служебен тип на артикула
  Не е изгубен Universal Decimal Classification Не е повреден без рестрикции ползва се в читалня 314543 Регионална библиотека "Любен Каравелов" Русе Регионална библиотека "Любен Каравелов" Русе Хранилище 1985-01-01 Хранилище 1.42 437249 Цб 128162 900000018702 1 0.73 N: стар фонд Дата: 01.01.1985 Книги
Vip Innovations Ltd, Rousse, Bulgaria 2025